Gaming Quiz

Random Gaming Quiz

EA or Activision? Quiz Stats

 Plays Quiz not verified by Sporcle

Support Sporcle.
Go Orange.
Score 0/16 Timer 02:00
0 Plays Today
Franchise EA or Activision % Correct
Call of Duty???
87.9%
The Sims???
86.9%
Battlefield???
81.3%
Guitar Hero???
80.4%
Mass Effect???
80.4%
Dead Space???
79.4%
Spyro the Dragon???
78.5%
Crash Bandicoot???
72.9%
Franchise EA or Activision % Correct
Tony Hawk???
71%
Dragon Age???
71%
Harry Potter???
66.4%
SSX???
66.4%
Prototype???
65.4%
Marvel???
64.5%
Crysis???
63.6%
James Bond???
58.9%

You're not logged in!

Compare scores with friends on all Sporcle quizzes.
OR
Log In

From the Vault

X is for Xplosion

by citkeane

Brace yourself, this quiz is an explosion of fun.
Remove Ads.
Support Sporcle.
Get the best of Sporcle when you Go Orange. This ad-free experience offers more features, more stats, and more fun while also helping to support Sporcle. Thank you for becoming a member.

Show Comments

Extras

Created Dec 31, 2012ReportNominate
Tags:Activision, franchise, Video

Top Quizzes Today


Score Distribution

Your Account Isn't Verified!

In order to create a playlist on Sporcle, you need to verify the email address you used during registration. Go to your Sporcle Settings to finish the process.

Report this User

Report this user for behavior that violates our Community Guidelines.

Details: